000 00439 a2200133 4500
020 _a0471356050 (cloth : alk. paper)
082 _a624.171 COO
100 _aCook,Robert D.
245 _aConcepts and applications of finite element analysis /
_cRobert D. Cook ... [et al.].
250 _a4th ed.
260 _aNew York, NY :
_bWiley,
_c2001.
300 _axvi, 719 p. :
_bill. ;
_c26 cm.
650 _aStructural analysis (Engineering)
650 _aFinite element method.
999 _c1231
_d1231